000 00467nam a2200157 a 4500
001 000023225
005 20200930022054.0
008 101130nuuuuuuuunyu 000 0 eng d
040 _aDO-SdBNP
_beng
_cBNPHU
082 _ann*
_bnn*
100 1 _aIrving, Washington.
_947817
245 1 0 _aLife and voyages of Chrístopher Columbus /
_cWashington Irving.
260 _aNew York :
_bThomas Y. Cromell & Co.,
_c[s.f.].
300 _a729 p. :
_bil. ;
_c21 cm.
049 _aBNGR
999 _c22722
_d22722